Lies (people believe) about animals /

Presents commonly held beliefs abouts bats, tarantulas, snakes, porcupines, and other animals and then explains the surprising truths.

Bibliographic Details
Main Author: Sussman, Susan
Other Authors: James, Robert, 1944-, Leavitt, Fred, 1941-
Format: Book
Language:English
Published: Niles, Ill. : A. Whitman, 1987.
Subjects:

MARC

Tag First Indicator Second Indicator Subfields
LEADER 00000cam a2200000 a 4500
001 in00000018589
005 20151007053303.0
008 860708s1987 ilua j b 00110 eng
010 |a  86015949  
020 |a 0807545309 
035 |a (OCoLC)13946555 
035 |9 AAB1089AM 
040 |a DLC  |c DLC  |d TXA  |d UtOrBLW 
049 |a [Curr Col] TXAM  |c [A11058584] 
050 0 0 |a QL49  |b .S845 1987 
082 0 |a 590  |2 19 
100 1 |a Sussman, Susan. 
245 1 0 |a Lies (people believe) about animals /  |c by Susan Sussman and Robert James ; photographs by Fred Leavitt. 
264 1 |a Niles, Ill. :  |b A. Whitman,  |c 1987. 
300 |a 47 pages :  |b illustrations ;  |c 29 cm. 
336 |a text  |b txt  |2 rdacontent 
337 |a unmediated  |b n  |2 rdamedia 
338 |a volume  |b nc  |2 rdacarrier 
520 |a Presents commonly held beliefs abouts bats, tarantulas, snakes, porcupines, and other animals and then explains the surprising truths. 
504 |a Bibliography: page 27. 
500 |a Includes index. 
650 0 |a Animals  |v Miscellanea  |v Juvenile literature. 
650 1 |a Animals  |x Miscellanea. 
700 1 |a James, Robert,  |d 1944- 
700 1 |a Leavitt, Fred,  |d 1941- 
999 |a MARS 
999 f f |s 7730961e-abf9-3e91-9f55-321ded368728  |i b8ac5ab3-98ad-37d0-b1b9-d480d72c2035  |t 0 
952 f f |p ric  |a Texas A&M University  |b Rellis Campus  |c Joint Library Facility  |d Remote Storage  |t 0  |e QL49 .S845 1987  |h Library of Congress classification  |i unmediated -- volume  |m A14811058584 
998 f f |a QL49 .S845 1987  |t 0  |l Remote Storage